Zváranie hliníka a jeho zliatin pevnolátkovým laserom
Salvato in:
| Autore principale: | |
|---|---|
| Altri autori: | |
| Natura: | Manoscritto Libro |
| Lingua: | slovacco |
| Pubblicazione: |
2015
|
| Soggetti: | |
| Accesso online: | http://is.stuba.sk/zp/portal_zp.pl?podrobnosti=99024 |
| Tags: |
Nessun Tag, puoi essere il primo ad aggiungerne!!
|
MARC
| LEADER | 00000ntm a22000003a 4500 | ||
|---|---|---|---|
| 001 | stuzp53031 | ||
| 003 | SK-STU | ||
| 005 | 20160719154345.1 | ||
| 007 | ta | ||
| 008 | 150427s2015----xo-----f-mn---000-0-slo-d | ||
| 040 | |a STU |b slo | ||
| 041 | 0 | |a slo | |
| 100 | 1 | |a Jaroš, Ján |u 020050 |4 aut |U SjF Strojnícka fakulta |T SjF Ústav technológií a materiálov |X 55010 |U J0050 |Y 803 |7 55010 | |
| 242 | 0 | 1 | |a Solid-state Laser Welding of Aluminium and its Alloys |y eng |
| 245 | 1 | 0 | |a Zváranie hliníka a jeho zliatin pevnolátkovým laserom |
| 260 | |c 2015 | ||
| 650 | 4 | |a pevnolátkový laser |2 slo | |
| 650 | 4 | |a zváranie laserom |2 slo | |
| 650 | 4 | |a hliníkové zliatiny |2 slo | |
| 650 | 4 | |a zvariteľnosť |2 slo | |
| 650 | 4 | |a solid-state laser |2 eng | |
| 650 | 4 | |a laser welding |2 eng | |
| 650 | 4 | |a aluminium alloys |2 eng | |
| 650 | 4 | |a weld ability |2 eng | |
| 700 | 1 | |a Sejč, Pavol |4 ths |X 2300 |7 A000002300 | |
| 856 | 4 | |u http://is.stuba.sk/zp/portal_zp.pl?podrobnosti=99024 | |
| 996 | |b 284J043837 |c J* 2127/BP |l JJSK |s A |a 24 |w stuzp53031_0001 | ||
| SQL | |a stuzp53031 |b DBP |c SLO |d Zváranie hliníka a jeho zliatin pevnolátkovým laserom |e 55010 |f Jaroš, Ján |g 020050 |h 2300 |i Sejč, Pavol |j 20150615 |k 644 |l 02 |m http://is.stuba.sk/zp/portal_zp.pl?podrobnosti=99024 |n B-STAM |o 5.2.51. výrobné technológie | ||